000 00992cam a2200265 a 4500
001 000006985
005 20260424095026.0
008 920912s1989 cu b 001 0 spa d
040 _aDO-SdBNP
_cBNPHU
043 _anwcu---
082 _a923.2
_bH632i
100 1 _aHidalgo Paz, Ibrahím,
_d1943-
_919422
245 1 0 _aIncursiones en la obra de José Martí /
_cIbrahím Hidalgo Paz.
260 _aLa Habana :
_bCiencias Sociales,
_c1989.
300 _a240 p. ;
_c21 cm.
490 1 _aEstudios martianos
500 _aChiefly revised versions of studies previously published in the Anuario de estudios cubanos between 1979 and 1983.
504 _aIncluye referencias bibliográficas.
600 1 0 _aMarti, Jose,
_d1853-1895
_xBIOGRAFÍA
_919423
651 0 _aCuba
_xPolítica Y Gobiermo
_y1810-1899.
_919424
610 2 0 _aPartido Revolucionario Cubano
_919425
630 0 0 _aPatria (New York, N.Y.)
_919426
830 0 _aEstudios martianos ;
_919427
910 _aCatalogación por copia / LC
999 _c6769
_d6769